[Event "OP-2021-0-05076"]
[Site "LSS email"]
[Date "2021.01.01"]
[Round "?"]
[White "Ilyin, Igor"]
[Black "Trevis, Robert R"]
[Result "1-0"]
[WhiteElo "1997"]
[BlackElo "1416"]
[PlyCount "69"]
[EventDate "2020.12.30"]
[EventType "tourn (corr)"]
[EventRounds "4"]
[EventCountry "GER"]
[SourceTitle "Corr 2022"]
[Source "ChessBase"]
[SourceDate "2021.10.24"]
[SourceVersion "1"]
[SourceVersionDate "2021.10.24"]
[SourceQuality "1"]

1. e4 c5 2. Nf3 Nc6 3. d4 cxd4 4. Nxd4 g6 5. c4 Bg7 6. Be3 Nf6 7. Nc3 Ng4 8. Qxg4 Nxd4 9. Qd1 Ne6 10. Rc1 b6 11. g3 Bb7 12. Bg2 f5 13. Nd5 fxe4 14. b4 Nc7 15. 0-0 Nxd5 16. cxd5 Ba6 17. Re1 Bd3 18. Bg5 h6 19. Bxe4 Bxe4 20. Bf4 Rc8 21. Rxe4 Rxc1 22. Qxc1 Kf7 23. h4 Qa8 24. Qe3 Bf6 25. Be5 Bxe5 26. Rxe5 Qf8 27. Re4 Qd8 28. b5 Rh7 29. Rc4 Qb8 30. Qc3 Rh8 31. h5 gxh5 32. d6 e6 33. Rf4+ Kg8 34. Rc4 Kf7 35. Rc7 1-0

[Event "OP-2021-0-05076"]
[Site "LSS email"]
[Date "2021.01.01"]
[Round "?"]
[White "Sciarretta, Robert W"]
[Black "Trevis, Robert R"]
[Result "1-0"]
[WhiteElo "2107"]
[BlackElo "1416"]
[PlyCount "33"]
[EventDate "2020.12.30"]
[EventType "tourn (corr)"]
[EventRounds "4"]
[EventCountry "GER"]
[SourceTitle "Corr 2022"]
[Source "ChessBase"]
[SourceDate "2021.10.24"]
[SourceVersion "1"]
[SourceVersionDate "2021.10.24"]
[SourceQuality "1"]

1. d4 d5 2. c4 e6 3. Nc3 Nf6 4. cxd5 exd5 5. e4 Nxe4 6. Bd3 Nc6 7. Nf3 Bb4 8. 0-0 Nxc3 9. bxc3 Bxc3 10. Rb1 Qd6 11. Qb3 Bxd4 12. Nxd4 Nxd4 13. Qa4+ Nc6 14. Re1+ Kd8 15. Ba3 Qd7 16. Bb5 f6 17. Be7+ 1-0

[Event "RE-2020-0-00225"]
[Site "LSS email"]
[Date "2020.11.20"]
[Round "?"]
[White "Kratky, Josef"]
[Black "Trevis, Robert R"]
[Result "1-0"]
[WhiteElo "1332"]
[BlackElo "1331"]
[PlyCount "61"]
[EventDate "2020.07.09"]
[EventType "tourn (corr)"]
[EventRounds "6"]
[EventCountry "GER"]
[SourceTitle "Corr 2022"]
[Source "ChessBase"]
[SourceDate "2021.10.24"]
[SourceVersion "1"]
[SourceVersionDate "2021.10.24"]
[SourceQuality "1"]

1. d4 d5 2. c4 e6 3. Nc3 Nf6 4. cxd5 exd5 5. Bg5 Be7 6. Qc2 0-0 7. e3 Nc6 8. a3 h6 9. Bh4 Bg4 10. h3 Bh5 11. Bd3 Qd7 12. Bf5 Qd8 13. g4 Bg6 14. Bxg6 fxg6 15. Qxg6 Ne4 16. Qe6+ Rf7 17. Bxe7 Qxe7 18. Qxe7 Nxe7 19. Nxe4 dxe4 20. Ne2 Nd5 21. Nc3 Nxc3 22. bxc3 Raf8 23. 0-0 c6 24. Rab1 b6 25. c4 Rf3 26. Kg2 Kf7 27. a4 Ke6 28. a5 Rb8 29. axb6 axb6 30. Rb2 Kd6 31. c5+ 1-0

[Event "SE-2020-0-00320"]
[Site "LSS email"]
[Date "2020.10.18"]
[Round "?"]
[White "Kratky, Josef"]
[Black "Trevis, Robert R"]
[Result "1-0"]
[WhiteElo "1299"]
[BlackElo "1309"]
[PlyCount "51"]
[EventDate "2020.08.18"]
[EventType "tourn (corr)"]
[EventRounds "6"]
[EventCountry "GER"]
[SourceTitle "Corr 2022"]
[Source "ChessBase"]
[SourceDate "2021.10.24"]
[SourceVersion "1"]
[SourceVersionDate "2021.10.24"]
[SourceQuality "1"]

1. d4 Nf6 2. c4 e5 3. dxe5 Ng4 4. Bf4 Nc6 5. Nf3 Bb4+ 6. Nbd2 Qe7 7. a3 Nf6 8. axb4 Ng4 9. b5 Ncxe5 10. Nxe5 Nxe5 11. e3 0-0 12. Be2 d6 13. 0-0 Ng6 14. Bg3 f5 15. Nf3 f4 16. exf4 Nxf4 17. Bxf4 Rxf4 18. Re1 Qf7 19. Ng5 Qf5 20. Qd5+ Qxd5 21. cxd5 Rf5 22. Ne6 Bxe6 23. dxe6 Re5 24. Bc4 Rxe1+ 25. Rxe1 Kf8 26. e7+ 1-0

[Event "RE-2020-0-00223"]
[Site "LSS email"]
[Date "2020.09.29"]
[Round "?"]
[White "Trevis, Robert R"]
[Black "Shim Ng Min, Francis"]
[Result "1/2-1/2"]
[WhiteElo "1233"]
[BlackElo "1184"]
[PlyCount "40"]
[EventDate "2020.05.02"]
[EventType "tourn (corr)"]
[EventRounds "6"]
[EventCountry "GER"]
[SourceTitle "Corr 2022"]
[Source "ChessBase"]
[SourceDate "2021.10.24"]
[SourceVersion "1"]
[SourceVersionDate "2021.10.24"]
[SourceQuality "1"]

1. Nc3 e5 2. e4 Nf6 3. Bc4 Bc5 4. d3 h6 5. Nf3 d6 6. Na4 Bb6 7. Nxb6 axb6 8. 0-0 0-0 9. d4 exd4 10. Qxd4 Nc6 11. Qd3 Bg4 12. Bf4 Bxf3 13. Qxf3 Ne5 14. Bxe5 dxe5 15. Rad1 Qe7 16. c3 Rfd8 17. Rfe1 Rxd1 18. Rxd1 Rd8 19. Rxd8+ Qxd8 20. Qe2 Qd6 1/2-1/2

[Event "RE-2020-0-00222"]
[Site "LSS email"]
[Date "2020.09.25"]
[Round "?"]
[White "Martin, Helmut"]
[Black "Trevis, Robert R"]
[Result "0-1"]
[WhiteElo "1358"]
[BlackElo "1204"]
[PlyCount "53"]
[EventDate "2020.03.18"]
[EventType "tourn (corr)"]
[EventRounds "6"]
[EventCountry "GER"]
[SourceTitle "Corr 2022"]
[Source "ChessBase"]
[SourceDate "2021.10.24"]
[SourceVersion "1"]
[SourceVersionDate "2021.10.24"]
[SourceQuality "1"]

1. d4 Nf6 2. Nf3 d5 3. e3 e6 4. a3 c5 5. Bb5+ Bd7 6. Bxd7+ Nbxd7 7. 0-0 Rc8 8. c3 Be7 9. Nbd2 0-0 10. h3 Qc7 11. Nb3 Rfd8 12. Bd2 Ne4 13. Be1 c4 14. Nbd2 Nd6 15. Qa4 Bf6 16. Qc2 Qc6 17. e4 dxe4 18. Nh2 e5 19. dxe5 Nxe5 20. f4 Nd3 21. Qb1 e3 22. Ndf3 e2 23. Rf2 Qb6 24. Ng4 Ne4 25. Nxf6+ gxf6 26. Nd4 Nexf2 27. Bxf2 0-1

[Event "RF-2020-0-00508"]
[Site "LSS email"]
[Date "2020.09.21"]
[Round "?"]
[White "Nistri, Paolo"]
[Black "Trevis, Robert R"]
[Result "1-0"]
[WhiteElo "1020"]
[BlackElo "1092"]
[PlyCount "65"]
[EventDate "2020.07.10"]
[EventType "tourn (corr)"]
[EventRounds "6"]
[EventCountry "GER"]
[SourceTitle "Corr 2022"]
[Source "ChessBase"]
[SourceDate "2021.10.24"]
[SourceVersion "1"]
[SourceVersionDate "2021.10.24"]
[SourceQuality "1"]

1. c4 e5 2. g3 Nf6 3. Bg2 c6 4. Nf3 e4 5. Nd4 d5 6. cxd5 Qxd5 7. e3 Bb4 8. a3 Bg4 9. Qc2 c5 10. Nb5 Qc6 11. axb4 Qxb5 12. Nc3 Qc4 13. b3 Qxb4 14. Nxe4 Nbd7 15. Nd6+ Ke7 16. Ba3 Qb6 17. Nxb7 Rac8 18. d4 Qa6 19. Qd2 Ke8 20. dxc5 Rxc5 21. Ra2 Qb6 22. 0-0 Be6 23. Rc1 Rxc1+ 24. Qxc1 Ne5 25. Rd2 Bd7 26. Qc3 Nfg4 27. Nd6+ Kd8 28. h3 Qc7 29. Qd4 f6 30. hxg4 g5 31. f4 gxf4 32. gxf4 Nxg4 33. Nf7+ 1-0

[Event "ZL-2020-0-02273"]
[Site "LSS email"]
[Date "2020.09.17"]
[Round "?"]
[White "Shim Ng Min, Francis"]
[Black "Trevis, Robert R"]
[Result "0-1"]
[WhiteElo "1166"]
[BlackElo "1156"]
[PlyCount "34"]
[EventDate "2020.09.13"]
[EventType "match (corr)"]
[EventRounds "2"]
[EventCountry "GER"]
[SourceTitle "Corr 2022"]
[Source "ChessBase"]
[SourceDate "2021.10.24"]
[SourceVersion "1"]
[SourceVersionDate "2021.10.24"]
[SourceQuality "1"]

1. e4 c5 2. Nf3 Nc6 3. d4 cxd4 4. Nxd4 g6 5. c4 Nf6 6. Nc3 Nxd4 7. Qxd4 d6 8. Be2 Bg7 9. Qd3 0-0 10. 0-0 Be6 11. Bd2 Nd7 12. b3 f5 13. exf5 Bxf5 14. Qd5+ e6 15. Qxd6 Nc5 16. Qxd8 Rfxd8 17. Be1 Nd3 0-1

[Event "ZL-2020-0-02271"]
[Site "LSS email"]
[Date "2020.09.10"]
[Round "?"]
[White "Trevis, Robert R"]
[Black "Guenther, Rainer"]
[Result "1-0"]
[WhiteElo "1102"]
[BlackElo "1051"]
[PlyCount "57"]
[EventDate "2020.09.02"]
[EventType "match (corr)"]
[EventRounds "2"]
[EventCountry "GER"]
[SourceTitle "Corr 2022"]
[Source "ChessBase"]
[SourceDate "2021.10.24"]
[SourceVersion "1"]
[SourceVersionDate "2021.10.24"]
[SourceQuality "1"]

1. d4 Nf6 2. c4 c5 3. d5 g6 4. Nc3 Bg7 5. e4 0-0 6. Nf3 d6 7. Be2 a6 8. Qb3 Nbd7 9. 0-0 Ne8 10. Be3 Rb8 11. Rad1 Nc7 12. Rfe1 b5 13. cxb5 axb5 14. Nxb5 Ba6 15. a4 Nxb5 16. axb5 Qb6 17. Bg5 Bxb5 18. Qxb5 Qxb5 19. Bxb5 Rxb5 20. Bxe7 Ra8 21. Bxd6 Rxb2 22. e5 Raa2 23. e6 fxe6 24. dxe6 Nf6 25. Be5 Rxf2 26. Rd8+ Bf8 27. e7 Rxg2+ 28. Kh1 Nd7 29. e8Q 1-0

[Event "RN-2020-0-01597"]
[Site "LSS email"]
[Date "2020.08.31"]
[Round "?"]
[White "Bieszk, Stanislaw"]
[Black "Trevis, Robert R"]
[Result "0-1"]
[WhiteElo "918"]
[BlackElo "895"]
[PlyCount "46"]
[EventDate "2020.03.25"]
[EventType "tourn (corr)"]
[EventRounds "6"]
[EventCountry "GER"]
[SourceTitle "Corr 2022"]
[Source "ChessBase"]
[SourceDate "2021.10.24"]
[SourceVersion "1"]
[SourceVersionDate "2021.10.24"]
[SourceQuality "1"]

1. c4 e5 2. a3 Nf6 3. d3 Nc6 4. Nf3 d5 5. cxd5 Qxd5 6. Nc3 Qd6 7. Bg5 Be7 8. g3 0-0 9. Bg2 Be6 10. 0-0 Qd7 11. Rc1 Rfd8 12. Qc2 Nd4 13. Nxd4 exd4 14. Ne4 Nxe4 15. Bxe7 Qxe7 16. Bxe4 c6 17. b4 Bd5 18. Bxd5 Rxd5 19. Rfe1 Re5 20. Qd2 Re8 21. Kf1 Qe6 22. Rc4 Qh3+ 23. Kg1 Rh5 0-1

[Event "SN-2020-0-01017"]
[Site "LSS email"]
[Date "2020.08.31"]
[Round "?"]
[White "Trevis, Robert R"]
[Black "Neumann, Otto"]
[Result "1-0"]
[WhiteElo "885"]
[BlackElo "946"]
[PlyCount "27"]
[EventDate "2020.03.14"]
[EventType "tourn (corr)"]
[EventRounds "6"]
[EventCountry "GER"]
[SourceTitle "Corr 2022"]
[Source "ChessBase"]
[SourceDate "2021.10.24"]
[SourceVersion "1"]
[SourceVersionDate "2021.10.24"]
[SourceQuality "1"]

1. Nc3 d5 2. e4 d4 3. Nce2 e5 4. Ng3 Bd6 5. Nf3 c5 6. Bb5+ Nd7 7. Nf5 Bf8 8. Nxe5 Ngf6 9. Qe2 g6 10. Nxf7 Kxf7 11. Qc4+ Ke8 12. Qe6+ Be7 13. Nd6+ Kf8 14. Qf7# 1-0

[Event "IECC CL0-2020.00 email"]
[Site "IECC email"]
[Date "2020.08.26"]
[Round "?"]
[White "Trevis, Robert R"]
[Black "Chura, Michal"]
[Result "1-0"]
[WhiteElo "963"]
[BlackElo "1106"]
[PlyCount "29"]
[EventDate "2020.04.18"]
[EventType "tourn (corr)"]
[EventRounds "4"]
[SourceTitle "Corr 2022"]
[Source "ChessBase"]
[SourceDate "2021.10.24"]
[SourceVersion "1"]
[SourceVersionDate "2021.10.24"]
[SourceQuality "1"]

1. e4 c5 2. c3 Nc6 3. d4 cxd4 4. cxd4 d5 5. exd5 Qxd5 6. Nf3 Bg4 7. Nc3 Bxf3 8. gxf3 Qd7 9. d5 0-0-0 10. dxc6 Qxc6 11. Qa4 Qxf3 12. Qc4+ Kb8 13. Bf4+ Ka8 14. Qc7 Re8 15. Rd1 1-0

[Event "OP-2020-0-05011"]
[Site "LSS email"]
[Date "2020.08.24"]
[Round "?"]
[White "Cvak, Rudolf"]
[Black "Trevis, Robert R"]
[Result "1-0"]
[WhiteElo "2328"]
[BlackElo "933"]
[PlyCount "53"]
[EventDate "2020.08.19"]
[EventType "tourn (corr)"]
[EventRounds "4"]
[EventCountry "GER"]
[SourceTitle "Corr 2022"]
[Source "ChessBase"]
[SourceDate "2021.10.24"]
[SourceVersion "1"]
[SourceVersionDate "2021.10.24"]
[SourceQuality "1"]

1. e4 c5 2. Nf3 d6 3. d4 cxd4 4. Nxd4 Nf6 5. Nc3 g6 6. Be3 Bd7 7. f3 Bg7 8. Qd2 0-0 9. Bc4 Qc7 10. Bb3 Na6 11. h4 Nc5 12. h5 Nxh5 13. g4 Nxb3 14. axb3 Nf6 15. Qh2 h5 16. gxh5 Nxh5 17. Nd5 Qd8 18. 0-0-0 e6 19. Nf4 Nf6 20. Ndxe6 fxe6 21. Nxg6 Qa5 22. Rdg1 Qa1+ 23. Kd2 Qa5+ 24. c3 e5 25. Nxf8 Kxf8 26. Bh6 Qa2 27. Bxg7+ 1-0

[Event "OP-2020-0-05011"]
[Site "LSS email"]
[Date "2020.08.24"]
[Round "?"]
[White "Trevis, Robert R"]
[Black "Shim Ng Min, Francis"]
[Result "1-0"]
[WhiteElo "933"]
[BlackElo "1277"]
[PlyCount "29"]
[EventDate "2020.08.19"]
[EventType "tourn (corr)"]
[EventRounds "4"]
[EventCountry "GER"]
[SourceTitle "Corr 2022"]
[Source "ChessBase"]
[SourceDate "2021.10.24"]
[SourceVersion "1"]
[SourceVersionDate "2021.10.24"]
[SourceQuality "1"]

1. e4 c5 2. c3 d5 3. exd5 Qxd5 4. d4 e6 5. Nf3 Nf6 6. Na3 cxd4 7. Nb5 Na6 8. Nbxd4 Nc7 9. Bd3 Be7 10. Bf4 Qd8 11. 0-0 0-0 12. c4 b6 13. Nc6 Qd7 14. Nxe7+ Qxe7 15. Bd6 1-0

[Event "RN-2020-0-01597"]
[Site "LSS email"]
[Date "2020.08.12"]
[Round "?"]
[White "Trevis, Robert R"]
[Black "Farr, Dorota"]
[Result "0-1"]
[WhiteElo "895"]
[BlackElo "800"]
[PlyCount "44"]
[EventDate "2020.03.25"]
[EventType "tourn (corr)"]
[EventRounds "6"]
[EventCountry "GER"]
[SourceTitle "Corr 2022"]
[Source "ChessBase"]
[SourceDate "2021.10.24"]
[SourceVersion "1"]
[SourceVersionDate "2021.10.24"]
[SourceQuality "1"]

1. d4 d5 2. c4 c6 3. Nf3 Nf6 4. Nc3 dxc4 5. a4 Bf5 6. e3 e6 7. Bxc4 Bb4 8. 0-0 0-0 9. Nh4 Bg4 10. f3 Bh5 11. Qb3 a5 12. Na2 c5 13. Nxb4 axb4 14. g4 Nfd7 15. Ng2 Bg6 16. dxc5 Nc6 17. Rd1 Qf6 18. Rxd7 Ne5 19. c6 Nxf3+ 20. Kh1 Qe5 21. Nf4 Be4 22. cxb7 Nd2+ 0-1

[Event "SN-2020-0-01017"]
[Site "LSS email"]
[Date "2020.08.07"]
[Round "?"]
[White "Pehl, Ferenc"]
[Black "Trevis, Robert R"]
[Result "1-0"]
[WhiteElo "872"]
[BlackElo "885"]
[PlyCount "47"]
[EventDate "2020.03.14"]
[EventType "tourn (corr)"]
[EventRounds "6"]
[EventCountry "GER"]
[SourceTitle "Corr 2022"]
[Source "ChessBase"]
[SourceDate "2021.10.24"]
[SourceVersion "1"]
[SourceVersionDate "2021.10.24"]
[SourceQuality "1"]

1. e4 d5 2. exd5 Qxd5 3. Nc3 Qa5 4. d4 Nf6 5. Bd2 Bg4 6. Be2 Bxe2 7. Qxe2 Nc6 8. Nf3 0-0-0 9. Nb5 Qb6 10. c3 a6 11. a4 axb5 12. axb5 Nb8 13. 0-0 h6 14. Qc4 Rd5 15. b4 Qxb5 16. Qb3 Qd3 17. Rfd1 Qh7 18. Ra8 e6 19. Qa4 Bd6 20. c4 Rf5 21. c5 Bf4 22. Bxf4 Rxf4 23. c6 Kd8 24. Rxb8+ 1-0